La construction (Record no. 46226)
[ view plain ]
| 000 -LEADER | |
|---|---|
| campo de control de longitud fija | 01016nam a2200169 i 4500 |
| 001 - NÚMERO DE CONTROL | |
| campo de control | 46226 |
| 003 - IDENTIFICADOR DE NÚMERO DE CONTROL | |
| campo de control | ES-MaACL |
| 005 - FECHA Y HORA DE LA ÚLTIMA TRANSACCIÓN | |
| campo de control | 20230906161339.0 |
| 007 - CAMPO FIJO DE DESCRIPCIÓN FÍSICA--INFORMACIÓN GENERAL | |
| campo de control de longitud fija | t| |
| 008 - DATOS DE LONGITUD FIJA--INFORMACIÓN GENERAL | |
| campo de control de longitud fija | 030328s1895 be ||||1| fre d |
| 100 1# - ENTRADA PRINCIPAL--NOMBRE DE PERSONA | |
| Nombre de persona | Combaz, Paul. |
| 9 (RLIN) | 39961 |
| 245 13 - MENCIÓN DEL TÍTULO | |
| Título | La construction |
| Resto del título | : principes et applications par le major honoraire du génie / |
| Mención de responsabilidad, etc. | Paul Combaz. |
| 260 ## - PUBLICACIÓN, DISTRIBUCIÓN, ETC. | |
| Lugar de publicación, distribución, etc. | Bruxelles : |
| Nombre del editor, distribuidor, etc. | [s.n., |
| Fecha de publicación, distribución, etc. | 1895] |
| 300 ## - DESCRIPCIÓN FÍSICA | |
| Extensión | 5 t. en 3 v. ; |
| Dimensiones | 27 cm. |
| 505 8# - NOTA DE CONTENIDO CON FORMATO | |
| Nota de contenido con formato | Contiene: T.I.: V.I.: Connaissance des matériaux. -- T.II.: V.I.: Eléments de mécanique. Resistance des materiaux. -- T.III.: V.II.: Les constructións en materiaux pierreux. Terrassement fondations, Maçonneries, Bretón Armé. -- T. IV.: V. II.: Les constructions en matériaux ligneux: charpente et memiserie. -- T.V.: V. III.: Le constructions en matériaux métalliques. Les travaux de parachèvement. La construction dans ses rapports avec l'hygiène. Les arts et les industries du bâtiment dans leurs dernières applications. |
| 852 ## - LOCALIZACIÓN | |
| Ubicación | ES-MaACL |
| Número de control de estantería | F-8487-8489 |
| Estatus retirado | Estado de pérdida | Estado de daño | No para préstamo | Colección | Biblioteca de origen | Biblioteca actual | Ubicación en estantería | Fecha de adquisición | Fuente de adquisición | Total de préstamos | Signatura topográfica completa | Código de barras | Visto por última vez | Precio de reemplazo | Tipo de ítem Koha |
|---|---|---|---|---|---|---|---|---|---|---|---|---|---|---|---|
| Libros del s. XIX | Biblioteca del Ateneo de Madrid | Biblioteca del Ateneo de Madrid | Sala Pecera Planta 2 | 17/01/2008 | F-8487-8489 | 1048623 | 23/02/2023 | 23/02/2023 | Libro impreso antiguo |
